[Event "DEM U12 2025"]
[Site "Willingen GER"]
[Date "2025.06.11"]
[Round "6"]
[White "Nain, Medhansh"]
[Black "Ishcenko, Volodymyr"]
[Result "1-0"]
[Termination "normal"]
[Board "28"]
[WhiteElo "1732"]
[BlackElo "1528"]
[WhiteClock "00:52:11"]
[BlackClock "00:00:31"]
[PlyCount "115"]
[WhiteFideId "34684875"]
[BlackFideId "34660208"]
[EventCountry "GER"]
[EventRounds "9"]
[EventType "swiss"]
[EventDate "2025.06.07"]

1. e4 {[%clk 01:30:58]} e5 {[%clk 01:30:55]} {[%emt 00:00:05]} 2. Nf3 {[%clk
01:31:24]} {[%emt 00:00:04]} Nc6 {[%clk 01:31:21]} {[%emt 00:00:05]} 3. Bc4
{[%clk 01:31:42]} {[%emt 00:00:13]} Bc5 {[%clk 01:31:37]} {[%emt 00:00:14]} 4.
c3 {[%clk 01:31:59]} {[%emt 00:00:13]} Nf6 {[%clk 01:31:46]} {[%emt 00:00:21]}
5. d4 {[%clk 01:32:24]} {[%emt 00:00:05]} exd4 {[%clk 01:32:07]} {[%emt
00:00:09]} 6. e5 {[%clk 01:32:47]} {[%emt 00:00:08]} d5 {[%clk 01:22:48]}
{[%emt 00:09:46]} 7. Bb5 {[%clk 01:32:58]} {[%emt 00:00:20]} Ne4 {[%clk
01:22:45]} {[%emt 00:00:26]} 8. cxd4 {[%clk 01:33:06]} {[%emt 00:00:29]} Bb4+
{[%clk 01:22:49]} {[%emt 00:00:25]} 9. Bd2 {[%clk 01:31:23]} {[%emt 00:02:14]}
Nxd2 {[%clk 01:19:25]} {[%emt 00:03:53]} 10. Nbxd2 {[%clk 01:31:31]} {[%emt
00:00:23]} Bg4 {[%clk 01:11:38]} {[%emt 00:08:15]} 11. O-O {[%clk 01:28:07]}
{[%emt 00:03:54]} Bxd2 {[%clk 01:11:05]} {[%emt 00:01:01]} 12. Qxd2 {[%clk
01:26:26]} {[%emt 00:02:15]} Bxf3 {[%clk 01:09:38]} {[%emt 00:01:57]} 13. gxf3
{[%clk 01:26:49]} {[%emt 00:00:06]} O-O {[%clk 01:03:12]} {[%emt 00:06:54]} 14.
Bxc6 {[%clk 01:03:59]} {[%emt 00:23:23]} bxc6 {[%clk 01:03:29]} {[%emt
00:00:13]} 15. Rac1 {[%clk 01:04:24]} {[%emt 00:00:06]} f6 {[%clk 00:40:57]}
{[%emt 00:23:02]} 16. e6 {[%clk 00:50:58]} {[%emt 00:13:56]} Qd6 {[%clk
00:39:17]} {[%emt 00:02:09]} 17. Rfe1 {[%clk 00:39:41]} {[%emt 00:11:47]} Rae8
{[%clk 00:17:57]} {[%emt 00:21:50]} 18. Qe3 {[%clk 00:39:51]} {[%emt 00:00:21]}
Re7 {[%clk 00:15:47]} {[%emt 00:02:34]} 19. f4 {[%clk 00:33:50]} {[%emt
00:06:36]} g6 {[%clk 00:02:35]} {[%emt 00:13:43]} 20. Qa3 {[%clk 00:21:07]}
{[%emt 00:13:13]} Rxe6 {[%clk 00:02:02]} {[%emt 00:01:03]} 21. Qxd6 {[%clk
00:21:23]} {[%emt 00:00:13]} Rxd6 {[%clk 00:01:09]} {[%emt 00:01:22]} 22. Re7
{[%clk 00:21:49]} {[%emt 00:00:05]} Rf7 {[%clk 00:01:05]} {[%emt 00:00:34]} 23.
Re3 {[%clk 00:21:51]} {[%emt 00:00:28]} Kf8 {[%emt 00:01:05]} 24. Rce1 {[%clk
00:21:55]} {[%emt 00:00:25]} Rd8 {[%clk 00:00:33]} {[%emt 00:00:29]} 25. Kg2
{[%clk 00:21:40]} {[%emt 00:00:44]} Rb8 {[%clk 00:00:33]} {[%emt 00:00:30]} 26.
b3 {[%clk 00:21:20]} {[%emt 00:00:50]} Rb4 {[%clk 00:00:34]} {[%emt 00:00:28]}
27. Re8+ {[%clk 00:21:47]} {[%emt 00:00:04]} Kg7 {[%clk 00:00:59]} {[%emt
00:00:06]} 28. Rd1 {[%clk 00:22:11]} {[%emt 00:00:06]} Rd7 {[%clk 00:00:33]}
{[%emt 00:00:56]} 29. Kf3 {[%clk 00:22:36]} {[%emt 00:00:05]} Kf7 {[%clk
00:00:33]} {[%emt 00:00:29]} 30. Rh8 {[%clk 00:22:57]} {[%emt 00:00:08]} Ke6
{[%emt 00:00:34]} 31. Re1+ {[%clk 00:23:22]} {[%emt 00:00:04]} Kf5 {[%clk
00:00:32]} {[%emt 00:00:29]} 32. Rf8 {[%clk 00:23:39]} {[%emt 00:00:13]} g5
{[%clk 00:00:32]} {[%emt 00:00:31]} 33. Re5+ {[%clk 00:23:03]} {[%emt
00:01:06]} Kg6 {[%clk 00:00:47]} {[%emt 00:00:14]} 34. Re6 {[%clk 00:23:15]}
{[%emt 00:00:19]} Rf7 {[%clk 00:00:31]} {[%emt 00:00:46]} 35. Rxf7 {[%clk
00:23:02]} {[%emt 00:00:41]} Kxf7 {[%clk 00:00:56]} {[%emt 00:00:05]} 36. Rxc6
{[%clk 00:23:28]} {[%emt 00:00:04]} Rb7 {[%clk 00:00:32]} {[%emt 00:00:55]} 37.
fxg5 {[%clk 00:23:51]} {[%emt 00:00:08]} fxg5 {[%emt 00:00:30]} 38. Kg4 {[%clk
00:24:14]} {[%emt 00:00:07]} Rb4 {[%clk 00:00:31]} {[%emt 00:00:30]} 39. Kxg5
{[%clk 00:24:11]} {[%emt 00:00:33]} Rxd4 {[%clk 00:00:36]} {[%emt 00:00:26]}
40. Rxc7+ {[%clk 00:24:34]} {[%emt 00:00:06]} Kg8 {[%clk 00:00:31]} {[%emt
00:00:35]} 41. Rxa7 {[%clk 00:24:50]} {[%emt 00:00:14]} Rd2 {[%clk 00:00:35]}
{[%emt 00:00:26]} 42. f4 {[%clk 00:25:04]} {[%emt 00:00:17]} Rf2 {[%clk
00:00:32]} {[%emt 00:00:32]} 43. f5 {[%clk 00:24:43]} {[%emt 00:00:51]} Rxh2
{[%clk 00:00:31]} {[%emt 00:00:31]} 44. a4 {[%clk 00:24:55]} {[%emt 00:00:18]}
d4 {[%clk 00:07:55]} {[%emt 00:23:06]} 45. Rd7 {[%emt 00:04:24]} Rh3 {[%clk
00:04:03]} {[%emt 00:00:08]} 46. Rxd4 {[%clk 00:49:42]} {[%emt 00:06:03]} Rxb3
{[%clk 00:04:16]} {[%emt 00:00:19]} 47. a5 {[%clk 00:49:59]} {[%emt 00:00:13]}
Rb5 {[%clk 00:00:31]} {[%emt 00:04:14]} 48. Ra4 {[%clk 00:50:13]} {[%emt
00:00:15]} Kg7 {[%clk 00:00:32]} {[%emt 00:00:30]} 49. a6 {[%clk 00:50:30]}
{[%emt 00:00:13]} h6+ {[%clk 00:00:32]} {[%emt 00:00:30]} 50. Kg4 {[%clk
00:50:36]} {[%emt 00:00:24]} Rb8 {[%clk 00:00:33]} {[%emt 00:00:27]} 51. a7
{[%clk 00:51:01]} {[%emt 00:00:09]} Ra8 {[%clk 00:00:57]} {[%emt 00:00:03]} 52.
Ra6 {[%clk 00:51:25]} {[%emt 00:00:06]} Kh7 {[%clk 00:00:32]} {[%emt 00:00:56]}
53. Kh5 {[%clk 00:51:47]} {[%emt 00:00:08]} Kg7 {[%clk 00:00:35]} {[%emt
00:00:21]} 54. Rg6+ {[%clk 00:52:11]} {[%emt 00:00:12]} Kf8 {[%clk 00:00:31]}
{[%emt 00:00:33]} 55. Ra6 {[%clk 00:51:17]} {[%emt 00:01:25]} Kg7 {[%clk
00:00:48]} {[%emt 00:00:12]} 56. f6+ {[%clk 00:51:31]} {[%emt 00:00:16]} Kh7
{[%clk 00:00:44]} {[%emt 00:00:28]} 57. Re6 {[%clk 00:51:48]} {[%emt 00:00:19]}
Re8 {[%clk 00:00:31]} {[%emt 00:00:44]} 58. Re7+ {[%clk 00:52:11]} {[%emt
00:00:06]} 1-0

[Event "DEM U12 2025"]
[Site "Willingen GER"]
[Date "2025.06.11"]
[Round "6"]
[White "Prashanthakumar, Arnesh"]
[Black "Spielmann, Jan"]
[Result "1/2-1/2"]
[Termination "normal"]
[Board "29"]
[WhiteElo "1564"]
[BlackElo "1667"]
[WhiteClock "00:41:23"]
[BlackClock "00:21:33"]
[PlyCount "98"]
[WhiteFideId "34604073"]
[BlackFideId "34680039"]
[EventCountry "GER"]
[EventRounds "9"]
[EventType "swiss"]
[EventDate "2025.06.07"]

1. e4 {[%clk 01:30:58]} {[%emt 00:00:02]} e5 {[%clk 01:30:54]} {[%emt
00:00:06]} 2. Bc4 {[%clk 01:31:22]} {[%emt 00:00:06]} Nc6 {[%clk 01:31:14]}
{[%emt 00:00:09]} 3. Nc3 {[%clk 01:31:41]} {[%emt 00:00:11]} Nf6 {[%clk
01:31:14]} {[%emt 00:00:30]} 4. d3 {[%clk 01:31:54]} {[%emt 00:00:17]} Bb4
{[%clk 01:30:20]} {[%emt 00:01:25]} 5. Bd2 {[%clk 01:31:53]} {[%emt 00:00:31]}
d6 {[%clk 01:29:04]} {[%emt 00:01:46]} 6. Nf3 {[%clk 01:31:19]} {[%emt
00:01:04]} Be6 {[%clk 01:25:47]} {[%emt 00:03:49]} 7. Bb3 {[%clk 01:30:42]}
{[%emt 00:01:06]} Bxb3 {[%clk 01:25:14]} {[%emt 00:01:03]} 8. axb3 {[%clk
01:30:43]} {[%emt 00:00:28]} O-O {[%clk 01:25:28]} {[%emt 00:00:16]} 9. Bg5
{[%clk 01:29:29]} {[%emt 00:01:45]} h6 {[%clk 01:25:50]} {[%emt 00:00:08]} 10.
Be3 {[%clk 01:29:23]} {[%emt 00:00:36]} d5 {[%clk 01:19:53]} {[%emt 00:06:27]}
11. exd5 {[%clk 01:28:22]} {[%emt 00:01:30]} Nxd5 {[%clk 01:19:59]} {[%emt
00:00:25]} 12. Bd2 {[%clk 01:26:05]} {[%emt 00:02:47]} Re8 {[%clk 01:08:56]}
{[%emt 00:11:34]} 13. O-O {[%clk 01:24:33]} {[%emt 00:02:01]} f5 {[%clk
00:54:33]} {[%emt 00:14:53]} 14. Re1 {[%clk 01:18:19]} {[%emt 00:06:44]} Nf6
{[%clk 00:41:11]} {[%emt 00:13:51]} 15. Nb5 {[%clk 01:05:26]} {[%emt 00:13:23]}
Bxd2 {[%clk 00:36:37]} {[%emt 00:05:05]} 16. Qxd2 {[%clk 01:05:25]} {[%emt
00:00:31]} a6 {[%clk 00:36:34]} {[%emt 00:00:33]} 17. Nc3 {[%clk 01:02:09]}
{[%emt 00:03:47]} Qd7 {[%clk 00:32:01]} {[%emt 00:05:03]} 18. Re2 {[%clk
01:00:19]} {[%emt 00:02:19]} Nd4 {[%clk 00:21:39]} {[%emt 00:10:52]} 19. Nxd4
{[%clk 00:56:45]} {[%emt 00:04:04]} exd4 {[%clk 00:20:37]} {[%emt 00:01:32]}
20. Rxe8+ {[%clk 00:57:03]} {[%emt 00:00:12]} Rxe8 {[%clk 00:20:58]} {[%emt
00:00:10]} 21. Ne2 {[%clk 00:56:52]} {[%emt 00:00:40]} c5 {[%clk 00:17:02]}
{[%emt 00:04:25]} 22. Ng3 {[%clk 00:55:31]} {[%emt 00:01:51]} Nd5 {[%clk
00:14:39]} {[%emt 00:02:54]} 23. h3 {[%clk 00:54:12]} {[%emt 00:01:49]} Kf7
{[%clk 00:05:56]} {[%emt 00:09:13]} 24. Ra5 {[%clk 00:48:57]} {[%emt 00:05:45]}
Rc8 {[%clk 00:04:12]} {[%emt 00:02:15]} 25. Qd1 {[%clk 00:48:39]} {[%emt
00:00:47]} g6 {[%clk 00:04:02]} {[%emt 00:00:41]} 26. Qd2 {[%clk 00:47:13]}
{[%emt 00:01:55]} Kg7 {[%clk 00:04:21]} {[%emt 00:00:11]} 27. Ne2 {[%clk
00:45:32]} {[%emt 00:02:11]} Qe7 {[%clk 00:00:57]} {[%emt 00:03:52]} 28. Ra1
{[%clk 00:44:49]} {[%emt 00:01:14]} Qd6 {[%clk 00:00:43]} {[%emt 00:00:44]} 29.
Re1 {[%clk 00:42:25]} {[%emt 00:02:53]} Re8 {[%emt 00:03:50]} 30. Ng3 {[%clk
00:30:03]} {[%emt 00:09:19]} Rxe1+ {[%clk 00:01:17]} {[%emt 00:00:10]} 31. Qxe1
{[%clk 00:30:31]} {[%emt 00:00:02]} Qe7 {[%clk 00:01:37]} {[%emt 00:00:10]} 32.
Qd2 {[%clk 00:30:27]} {[%emt 00:00:34]} b6 {[%clk 00:01:24]} {[%emt 00:00:44]}
33. Kf1 {[%clk 00:27:55]} {[%emt 00:03:02]} Qg5 {[%clk 00:01:18]} {[%emt
00:00:33]} 34. Qe1 {[%clk 00:27:23]} {[%emt 00:01:04]} Qe7 {[%clk 00:01:39]}
{[%emt 00:00:09]} 35. Qd2 {[%clk 00:27:43]} {[%emt 00:00:10]} Qd6 {[%clk
00:01:49]} {[%emt 00:00:20]} 36. Qe2 {[%clk 00:25:38]} {[%emt 00:02:34]} Qf4
{[%clk 00:01:42]} {[%emt 00:00:38]} 37. Qe1 {[%clk 00:25:24]} {[%emt 00:00:43]}
Kf6 {[%clk 00:01:44]} {[%emt 00:00:29]} 38. Kg1 {[%clk 00:24:49]} {[%emt
00:01:04]} Qe5 {[%clk 00:01:35]} {[%emt 00:00:40]} 39. Qd2 {[%clk 00:23:44]}
{[%emt 00:01:35]} Kg7 {[%clk 00:01:46]} {[%emt 00:00:19]} 40. Kf1 {[%clk
00:20:45]} {[%emt 00:03:30]} Nb4 {[%clk 00:01:30]} {[%emt 00:01:19]} 41. Kg1
{[%clk 00:20:39]} {[%emt 00:00:37]} Nd5 {[%clk 00:00:33]} {[%emt 00:01:26]} 42.
Kf1 {[%clk 00:21:01]} {[%emt 00:00:08]} Nf6 {[%clk 00:00:47]} {[%emt 00:01:27]}
43. Qd1 {[%clk 00:19:49]} {[%emt 00:01:41]} h5 {[%clk 00:00:32]} {[%emt
00:00:45]} 44. Kg1 {[%clk 00:19:19]} {[%emt 00:01:01]} f4 {[%clk 00:29:21]}
{[%emt 00:01:40]} 45. Nf1 {[%clk 00:49:29]} {[%emt 00:00:20]} g5 {[%clk
00:27:43]} {[%emt 00:02:09]} 46. Nh2 {[%clk 00:49:33]} {[%emt 00:00:27]} Qe6
{[%emt 00:07:00]} 47. Qd2 {[%emt 00:03:32]} Nd5 {[%clk 00:21:44]} {[%emt
00:03:17]} 48. Qd1 {[%clk 00:43:00]} Kg6 {[%clk 00:21:55]} {[%emt 00:01:00]}
49. Kf1 {[%clk 00:41:23]} Nf6 {[%clk 00:21:33]} {[%emt 00:02:59]} 1/2-1/2

[Event "DEM U12 2025"]
[Site "Willingen GER"]
[Date "2025.06.11"]
[Round "6"]
[White "Rusch, Levi Adrian"]
[Black "Tran, Nhat Nam"]
[Result "1-0"]
[Termination "normal"]
[Board "30"]
[WhiteElo "1660"]
[BlackElo "1341"]
[WhiteClock "00:33:03"]
[BlackClock "00:03:34"]
[PlyCount "111"]
[WhiteFideId "34660224"]
[BlackFideId "34692193"]
[EventCountry "GER"]
[EventRounds "9"]
[EventType "swiss"]
[EventDate "2025.06.07"]

1. d4 {[%clk 01:30:58]} {[%emt 00:00:03]} d5 {[%clk 01:30:47]} {[%emt
00:00:13]} 2. Nc3 {[%clk 01:31:23]} {[%emt 00:00:06]} e6 {[%clk 01:31:07]}
{[%emt 00:00:09]} 3. Bf4 {[%clk 01:31:46]} {[%emt 00:00:07]} Bb4 {[%clk
01:31:29]} {[%emt 00:00:09]} 4. e3 {[%clk 01:31:59]} {[%emt 00:00:16]} Nf6
{[%clk 01:31:28]} {[%emt 00:00:31]} 5. Bd3 {[%clk 01:32:15]} {[%emt 00:00:15]}
c5 {[%clk 01:31:19]} {[%emt 00:00:38]} 6. dxc5 {[%clk 01:32:37]} {[%emt
00:00:08]} Nbd7 {[%clk 01:30:19]} {[%emt 00:01:30]} 7. Nge2 {[%clk 01:32:37]}
{[%emt 00:00:30]} Bxc5 {[%clk 01:30:33]} {[%emt 00:00:16]} 8. e4 {[%clk
01:27:34]} {[%emt 00:05:33]} O-O {[%clk 01:15:22]} {[%emt 00:15:40]} 9. Ng3
{[%clk 01:26:14]} {[%emt 00:01:51]} Bb4 {[%clk 01:10:36]} {[%emt 00:05:17]} 10.
O-O {[%clk 01:24:06]} {[%emt 00:02:37]} Bxc3 {[%clk 01:00:32]} {[%emt
00:10:34]} 11. bxc3 {[%clk 01:24:17]} {[%emt 00:00:19]} Nc5 {[%clk 00:55:32]}
{[%emt 00:05:31]} 12. e5 {[%clk 01:19:24]} {[%emt 00:05:23]} Nfd7 {[%clk
00:48:52]} {[%emt 00:07:11]} 13. Qg4 {[%clk 01:18:35]} {[%emt 00:01:17]} f5
{[%clk 00:41:38]} {[%emt 00:07:44]} 14. exf6 {[%clk 01:18:04]} {[%emt
00:01:01]} Nxf6 {[%clk 00:35:34]} {[%emt 00:06:32]} 15. Qh4 {[%clk 01:16:25]}
{[%emt 00:02:10]} Nxd3 {[%clk 00:34:43]} {[%emt 00:01:22]} 16. cxd3 {[%clk
01:16:34]} {[%emt 00:00:21]} Bd7 {[%clk 00:26:59]} {[%emt 00:08:15]} 17. Be5
{[%clk 01:12:15]} {[%emt 00:04:48]} Qe8 {[%clk 00:19:46]} {[%emt 00:07:42]} 18.
Bd6 {[%clk 01:09:16]} {[%emt 00:03:30]} Rf7 {[%clk 00:19:08]} {[%emt 00:01:08]}
19. Rfe1 {[%clk 01:07:54]} {[%emt 00:01:52]} Qc8 {[%clk 00:18:02]} {[%emt
00:01:36]} 20. c4 {[%clk 01:05:38]} {[%emt 00:02:46]} dxc4 {[%clk 00:12:04]}
{[%emt 00:06:28]} 21. dxc4 {[%clk 01:01:23]} {[%emt 00:04:45]} Qc6 {[%clk
00:08:57]} {[%emt 00:03:36]} 22. c5 {[%clk 01:00:22]} {[%emt 00:01:31]} b6
{[%clk 00:06:54]} {[%emt 00:02:34]} 23. Rac1 {[%clk 00:57:47]} {[%emt
00:03:05]} Rc8 {[%clk 00:03:56]} {[%emt 00:03:28]} 24. h3 {[%clk 00:47:33]}
{[%emt 00:10:44]} Nd5 {[%clk 00:01:35]} {[%emt 00:02:50]} 25. Ne4 {[%clk
00:47:06]} {[%emt 00:00:58]} Re8 {[%clk 00:01:09]} {[%emt 00:00:56]} 26. Ng5
{[%clk 00:47:04]} {[%emt 00:00:32]} h6 {[%clk 00:00:45]} {[%emt 00:00:54]} 27.
Nxf7 {[%clk 00:47:08]} {[%emt 00:00:26]} Kxf7 {[%clk 00:01:07]} {[%emt
00:00:08]} 28. Qh5+ {[%clk 00:44:51]} {[%emt 00:02:47]} Kg8 {[%clk 00:01:04]}
{[%emt 00:00:33]} 29. Qg6 {[%clk 00:43:44]} {[%emt 00:01:36]} Bc8 {[%clk
00:01:05]} {[%emt 00:00:30]} 30. Be5 {[%clk 00:43:23]} {[%emt 00:00:51]} Re7
{[%clk 00:01:08]} {[%emt 00:00:27]} 31. cxb6 {[%clk 00:43:02]} {[%emt
00:00:51]} Qd7 {[%clk 00:00:36]} {[%emt 00:01:03]} 32. bxa7 {[%clk 00:42:55]}
{[%emt 00:00:36]} Bb7 {[%clk 00:00:57]} {[%emt 00:00:09]} 33. Red1 {[%clk
00:41:30]} {[%emt 00:01:55]} Qa4 {[%clk 00:00:34]} {[%emt 00:00:51]} 34. Re1
{[%clk 00:32:18]} {[%emt 00:09:42]} Qxa7 {[%clk 00:00:35]} {[%emt 00:00:31]}
35. Bd6 {[%clk 00:32:21]} {[%emt 00:00:26]} Rf7 {[%clk 00:00:39]} {[%emt
00:00:28]} 36. Bc5 {[%clk 00:31:04]} {[%emt 00:01:46]} Qxa2 {[%clk 00:00:52]}
{[%emt 00:00:16]} 37. Rxe6 {[%clk 00:29:56]} {[%emt 00:01:38]} Qa4 {[%clk
00:00:42]} {[%emt 00:00:41]} 38. Rce1 {[%clk 00:29:50]} {[%emt 00:00:36]} Bc6
{[%clk 00:00:39]} {[%emt 00:00:32]} 39. Rxc6 {[%clk 00:29:51]} {[%emt
00:00:29]} Qxc6 {[%clk 00:00:44]} {[%emt 00:00:25]} 40. Qxc6 {[%clk 00:30:05]}
{[%emt 00:00:17]} Nf6 {[%clk 00:00:52]} {[%emt 00:00:22]} 41. Re8+ {[%clk
00:30:03]} {[%emt 00:00:31]} Kh7 {[%clk 00:01:07]} {[%emt 00:00:15]} 42. Rf8
{[%clk 00:29:34]} {[%emt 00:00:59]} Rd7 {[%clk 00:00:50]} {[%emt 00:00:47]} 43.
Rxf6 {[%clk 00:29:40]} {[%emt 00:00:25]} Rd1+ {[%clk 00:00:52]} {[%emt
00:00:28]} 44. Kh2 {[%clk 00:29:55]} {[%emt 00:00:15]} gxf6 {[%clk 00:00:42]}
{[%emt 00:00:39]} 45. Qe4+ {[%clk 00:30:10]} {[%emt 00:00:15]} Kg7 {[%clk
00:01:04]} {[%emt 00:00:09]} 46. Qg4+ {[%clk 00:30:27]} {[%emt 00:00:12]} Kf7
{[%clk 00:01:16]} {[%emt 00:00:18]} 47. Qxd1 {[%clk 00:30:50]} {[%emt
00:00:07]} f5 {[%clk 00:01:38]} {[%emt 00:00:09]} 48. Qd7+ {[%clk 00:31:04]}
{[%emt 00:00:16]} Kg6 {[%clk 00:01:47]} {[%emt 00:00:21]} 49. Bd4 {[%clk
00:31:22]} {[%emt 00:00:11]} f4 {[%clk 00:02:05]} {[%emt 00:00:13]} 50. Qg7+
{[%clk 00:31:42]} {[%emt 00:00:10]} Kf5 {[%clk 00:02:20]} {[%emt 00:00:15]} 51.
f3 {[%clk 00:31:55]} {[%emt 00:00:16]} Ke6 {[%clk 00:02:32]} {[%emt 00:00:18]}
52. Qe5+ {[%clk 00:32:11]} {[%emt 00:00:15]} Kd7 {[%clk 00:02:49]} {[%emt
00:00:13]} 53. Qf6 {[%clk 00:32:15]} {[%emt 00:00:25]} Kc8 {[%clk 00:03:04]}
{[%emt 00:00:15]} 54. Qe7 {[%clk 00:32:23]} {[%emt 00:00:22]} Kb8 {[%clk
00:03:17]} {[%emt 00:00:17]} 55. Be5+ {[%clk 00:32:41]} {[%emt 00:00:12]} Ka8
{[%clk 00:03:34]} {[%emt 00:00:13]} 56. Qc7 {[%clk 00:33:03]} {[%emt 00:00:07]}
1-0